[Event "5th Pontevedra Open 2017"]
[Site "Pontevedra"]
[Date "2017.08.10"]
[Round "4"]
[White "Petkov, Vladimir"]
[Black "Garcia Romero, Benjamin Abel"]
[Result "1-0"]
[WhiteElo "2498"]
[BlackElo "2217"]

[EventDate "2017.??.??"]
[PlyCount "53"]
[EventCountry "ESP"]
[SourceQuality "1"]

1. Nf3 Nf6 2. b3 c5 3. Bb2 b6 4. Bxf6 gxf6 5. g3 $146 Bb7 6. Bg2 Nc6 7. O-O
Qc7 8. c4 $14 e6 9. Nc3 Be7 10. e3 Ne5 11. Nxe5 $16 Bxg2 12. Nxf7 $1 Kxf7
13. Qh5+ Kg7 14. Kxg2 f5 15. d4 Raf8 16. Rad1 cxd4 17. Rxd4 Bf6 18. Rd3 $1
Bxc3 19. Rxc3 Qe5 20. Qg5+ $18 Kf7 21. Rd1 $1 d6 22. Rd4 h6 23. Qh5+ Kg7
24. Rcd3 Rd8 25. Qd1 Rhe8 26. Rxd6 Rxd6 27. Rxd6 1-0

[Event "5th Pontevedra Open 2017"]
[Site "Pontevedra"]
[Date "2017.08.10"]
[Round "4"]
[White "Pap, Misa"]
[Black "Estremera Panos, Sergio"]
[Result "1-0"]
[WhiteElo "2491"]
[BlackElo "2362"]

[EventDate "2017.??.??"]
[PlyCount "79"]
[EventCountry "ESP"]
[SourceQuality "1"]

1. e4 e5 2. Nf3 Nf6 3. Nxe5 d6 4. Nf3 Nxe4 5. Nc3 Nxc3 6. dxc3 Be7 7. Bf4
Nc6 8. Qd2 Be6 9. O-O-O Qd7 10. Kb1 O-O-O 11. Ng5 Bxg5 12. Bxg5 f6 13. Be3
a6 14. f3 Rde8 15. Bf2 h5 $146 16. b3 h4 17. h3 Bf5 18. Bc4 g5 19. Rhe1
Rxe1 20. Rxe1 Re8 21. f4 Rxe1+ 22. Bxe1 Qe7 23. Bf2 Be4 24. Bf1 d5 25. Kb2
Nd8 26. fxg5 fxg5 27. Be3 Ne6 28. Be2 Kb8 29. Bg4 Nf4 30. a4 a5 31. Qf2 Qe5
32. Bd4 $36 Qe7 33. g3 $1 $16 hxg3 34. Qxg3 Qd6 35. Qf2 $1 $18 b6 36. Be3
$1 Qg6 37. h4 Ne6 $2 38. hxg5 Nxg5 39. Qf8+ Ka7 40. Qe7 1-0

[Event "5th Pontevedra Open 2017"]
[Site "Pontevedra"]
[Date "2017.08.10"]
[Round "4"]
[White "Pena Gomez, Manuel"]
[Black "Rodriguez Lopez, Rafael"]
[Result "1-0"]
[WhiteElo "2468"]
[BlackElo "2303"]

[EventDate "2017.??.??"]
[PlyCount "75"]
[EventCountry "ESP"]
[SourceQuality "1"]

1. g3 Nf6 2. Bg2 d5 3. Nf3 c6 4. O-O Bf5 5. d3 e6 6. Qe1 h6 7. Nc3 Bb4 8.
Bd2 a5 $146 9. e4 Bh7 10. a3 Be7 11. Bc1 O-O 12. Nd2 dxe4 13. dxe4 e5 14.
f4 exf4 15. gxf4 Re8 16. Qg3 Nfd7 17. Kh1 f6 18. Nf3 Kh8 19. Nh4 Nf8 20.
Nf5 Bxf5 21. exf5 Bc5 22. Ne4 Bb6 23. Be3 Bxe3 24. Qxe3 Nbd7 25. Rae1 a4
26. Qg3 Qc7 27. Bf3 Re7 28. Rg1 Nb6 29. c4 Nxc4 $17 30. Rc1 Nd6 31. Nxf6
Nxf5 32. Qg4 Ne3 33. Qh4 gxf6 $2 34. Qxf6+ $11 Rg7 35. Rc3 $1 $40 Re8 $2
36. Rxe3 $1 $18 Rxe3 37. Qxf8+ Kh7 38. Bg4 $1 1-0

[Event "5th Pontevedra Open 2017"]
[Site "Pontevedra"]
[Date "2017.08.10"]
[Round "4"]
[White "Lillo Castany, Victor"]
[Black "Sanchez Aller, Fernando"]
[Result "1-0"]
[WhiteElo "2382"]
[BlackElo "2337"]

[EventDate "2017.??.??"]
[PlyCount "137"]
[EventCountry "ESP"]
[SourceQuality "1"]

1. e4 e5 2. Nf3 Nc6 3. Bc4 Nf6 4. d3 Bc5 5. O-O d6 6. c3 a6 7. Bb3 Ba7 8.
Nbd2 O-O 9. h3 h6 10. Re1 Nh5 11. Nf1 Qf6 12. Be3 Nf4 13. d4 g5 14. dxe5
dxe5 15. Bxa7 $146 Rxa7 16. Ne3 Ne7 17. Nd5 Nexd5 $11 18. exd5 Re8 $1 19.
Nd2 Bf5 20. Qf3 Raa8 21. Ne4 $36 Qg6 $1 22. Rad1 Rad8 23. Qe3 Bxe4 24. Qxe4
Qxe4 25. Rxe4 Kf8 26. g3 Ng6 27. Rb4 b5 28. a4 Rb8 29. axb5 Rxb5 30. Rxb5
$16 axb5 $14 31. Ra1 e4 32. Ra7 e3 33. fxe3 Rxe3 34. Kf2 Re7 35. Rb7 Ne5
36. Bc2 $1 f5 37. Rxb5 Rf7 38. Rb8+ Ke7 39. b4 f4 40. g4 $1 Rf6 41. Ra8 Rd6
42. Be4 Nd7 43. Rc8 Nf6 44. Rxc7+ Kd8 45. Rc4 Ra6 46. Kf3 $2 Ra2 $2 47. Rc6
Nd7 48. Re6 Ra3 49. Bf5 Rxc3+ 50. Ke2 Ra3 51. Rd6 Ra7 52. b5 Ke7 53. Rxh6
$18 Ra2+ 54. Kd1 f3 55. Rh7+ Kf6 56. Rxd7 Ra1+ 57. Kd2 f2 58. Bd3 Ra2+ 59.
Ke3 $1 Ra3 60. Kxf2 Rxd3 61. b6 Rxh3 62. b7 Rb3 63. Ke2 Ke5 64. Kd2 Kd4 65.
Kc2 Rb6 66. d6 Kd5 67. Rg7 Kc6 68. d7 Kc7 69. Rg8 1-0

[Event "5th Pontevedra Open 2017"]
[Site "Pontevedra"]
[Date "2017.08.10"]
[Round "4"]
[White "Silva, Luis Neves Da"]
[Black "Oratovsky, Michael"]
[Result "1/2-1/2"]
[WhiteElo "2354"]
[BlackElo "2494"]

[EventDate "2017.??.??"]
[PlyCount "46"]
[EventCountry "ESP"]
[SourceQuality "1"]

1. d4 d6 2. e4 Nf6 3. Nc3 e5 4. Nf3 Nbd7 5. Bc4 Be7 6. a4 O-O 7. O-O a5 8.
Re1 c6 9. h3 Nb6 10. Ba2 Nfd7 11. Be3 exd4 12. Nxd4 Nc5 $1 13. Qh5 Nbxa4
14. Nxa4 Nxa4 15. Nf3 b5 16. Ng5 Bxg5 $1 17. Bxg5 Qc7 $146 18. Re3 Kh8 $1
19. c4 Be6 $1 20. Bb1 f6 $1 21. e5 $1 f5 $1 22. exd6 Qxd6 23. cxb5 cxb5
1/2-1/2

[Event "5th Pontevedra Open 2017"]
[Site "Pontevedra"]
[Date "2017.08.10"]
[Round "4"]
[White "Padeiro, Jose"]
[Black "Firat, Burak"]
[Result "0-1"]
[WhiteElo "2255"]
[BlackElo "2482"]

[EventDate "2017.??.??"]
[PlyCount "230"]
[EventCountry "ESP"]
[SourceQuality "1"]

1. d4 Nf6 2. c4 e6 3. Nf3 b6 4. e3 Bb7 5. Bd3 c5 6. O-O cxd4 7. exd4 Be7 8.
Nc3 d6 9. Bg5 Nbd7 10. Re1 O-O 11. Rc1 Re8 12. Bf1 Rc8 13. b4 a6 $146 14.
a3 Bf8 15. Nd2 Qc7 16. Nb3 Qb8 17. Bh4 Qa8 18. f3 g6 19. Bg3 e5 20. d5 a5
21. Ra1 Ba6 22. b5 Bb7 23. Na4 Qb8 24. Bf2 Qc7 25. Be3 Bg7 26. Rc1 Nh5 27.
Qd2 $36 Ra8 28. Qf2 Nc5 29. Naxc5 dxc5 30. Rcd1 Bf8 31. Bc1 Bd6 32. g3 Bc8
33. Bg2 Bd7 34. Re2 Re7 35. Rde1 Rae8 36. Bb2 f5 37. Nc1 Rf8 38. Rf1 Ree8
39. Qe1 $1 $16 Nf6 40. Qc3 $2 e4 $1 $11 41. f4 Rf7 42. a4 Ree7 43. Nb3 Re8
44. Nd2 Bf8 45. Rfe1 Bg7 46. Qc1 Ree7 47. Nf1 Ne8 48. Bxg7 Rxg7 49. Ne3 Nd6
50. Rf2 Re8 51. Ref1 Rf7 52. h3 Qd8 53. Qc3 h6 54. Kh2 Kh7 55. h4 Qe7 56.
Rh1 Rf6 57. Kg1 Kg8 58. Bf1 Qg7 59. Rfh2 Kf8 60. Kf2 Ke7 61. Be2 Kd8 62.
Qb2 Rg8 63. Qe5 Kc8 64. Qc3 Qe7 65. Ke1 Nf7 66. Kd2 Qd6 67. Rf1 Qe7 68.
Rhf2 Nd6 69. Qe5 Qf7 70. Rh2 Re8 71. Qc3 Qg7 72. Rfh1 Re7 73. Qa1 Re8 74.
Qc3 Rg8 75. Qe5 Qf8 76. Kc2 Qd8 77. Kd2 Kb7 78. Kc2 Bc8 79. Kd2 Rff8 80.
Kc2 Rf7 81. Kd2 Rfg7 82. Kc2 Nf7 83. Qc3 Qe7 84. Rf2 Nd6 85. Qe5 Qc7 86.
Qc3 g5 87. hxg5 $1 hxg5 88. Rh6 gxf4 89. gxf4 Bd7 90. Qe5 Nf7 91. Qxc7+
Kxc7 92. Rf6 Rh7 93. Nxf5 Bxf5 94. Rxf5 Rg3 95. Rh5 Rxh5 96. Bxh5 Nd6 97.
Be2 Nf5 98. Rh2 Nd4+ 99. Kb2 Kd8 100. Bd1 Rg1 101. Bc2 e3 102. Bd3 Re1 103.
f5 $2 e2 $19 104. Rh8+ Ke7 105. f6+ Kxf6 106. Re8 Rd1 107. Bxe2 Rd2+ 108.
Kc3 Rxe2 109. Rb8 Re3+ 110. Kb2 $2 Rb3+ 111. Kc1 Rc3+ 112. Kd2 Rxc4 113.
Rxb6+ Ke5 114. d6 Ke6 115. Ra6 Kd5 $2 0-1

[Event "5th Pontevedra Open 2017"]
[Site "Pontevedra"]
[Date "2017.08.10"]
[Round "4"]
[White "Vidal Fernandez, Pablo"]
[Black "Burmakin, Vladimir"]
[Result "0-1"]
[WhiteElo "2167"]
[BlackElo "2520"]

[EventDate "2017.??.??"]
[PlyCount "50"]
[EventCountry "ESP"]
[SourceQuality "1"]

1. e4 c6 2. d4 d5 3. e5 Bf5 4. h4 Qc8 5. Ne2 h6 6. Ng3 Bh7 7. Bd3 $146 Bxd3
8. Qxd3 e6 9. Nd2 c5 10. dxc5 Qxc5 11. Nf3 Nd7 12. O-O Ne7 13. Re1 Rc8 14.
c3 Qc4 15. Qe3 Nc6 16. b3 Qg4 17. Qf4 Qxf4 18. Bxf4 Bc5 19. Rad1 O-O 20.
Re2 Ne7 21. Be3 b5 22. Kf1 Rc7 23. Ke1 Rfc8 24. Bxc5 Rxc5 $19 25. Nd4 a6
0-1

[Event "5th Pontevedra Open 2017"]
[Site "Pontevedra"]
[Date "2017.08.10"]
[Round "4"]
[White "Rebole Arbea, Jose Ignacio"]
[Black "Yuffa, Daniil"]
[Result "0-1"]
[WhiteElo "2140"]
[BlackElo "2515"]

[EventDate "2017.??.??"]
[PlyCount "96"]
[EventCountry "ESP"]
[SourceQuality "1"]

1. g3 Nf6 2. Bg2 g6 3. c4 Bg7 4. Nc3 O-O 5. e3 e6 6. Nge2 d5 7. O-O dxc4 8.
Qa4 Bd7 $146 9. Qxc4 Bc6 10. b3 Bxg2 $11 11. Kxg2 Nbd7 12. Ba3 Re8 13. d4
e5 14. Na4 exd4 15. exd4 Nb6 16. Nxb6 axb6 17. Bb2 Ne4 18. Qc2 h5 19. Nf4
Qd7 20. Rfe1 Nf6 21. a4 h4 $1 22. Qc4 g5 23. Nd3 h3+ 24. Kg1 Qf5 25. Ne5
Ng4 $1 26. Qe2 Rad8 $40 27. Qxg4 Rxe5 $1 28. Qxf5 Rxf5 29. Re7 Rf3 30. Rxc7
$2 Rxb3 $19 31. Rc2 Bxd4 32. Bxd4 Rxd4 33. f3 $2 Rxf3 34. Rb2 Rfd3 35. Raa2
Rd6 36. Kf2 Kg7 37. Ke2 g4 38. a5 $2 R3d5 39. Ke3 b5 $2 40. Rb4 $2 f5 41.
Rc2 Kf6 42. Rc8 Rd3+ 43. Ke2 Rd2+ 44. Ke1 Rxh2 45. Rf8+ Kg6 46. Rxb5 Rh1+
47. Ke2 h2 48. Rh8 Ra1 0-1

[Event "5th Pontevedra Open 2017"]
[Site "Pontevedra"]
[Date "2017.08.11"]
[Round "5"]
[White "Burmakin, Vladimir"]
[Black "Sousa, Andre Ventura"]
[Result "1-0"]
[WhiteElo "2520"]
[BlackElo "2385"]

[EventDate "2017.??.??"]
[PlyCount "93"]
[EventCountry "ESP"]

1. d4 Nf6 2. c4 e6 3. g3 d5 4. Nf3 Bb4+ 5. Bd2 Bd6 6. Bg2 c6 7. Qc2 Nbd7 8.
O-O O-O 9. Bf4 Bxf4 10. gxf4 Ne4 11. e3 f5 12. Nbd2 Nxd2 13. Qxd2 b6 14.
cxd5 cxd5 15. Qb4 a5 16. Qa3 b5 17. Rfc1 b4 18. Qb3 Nb6 19. Ne5 Bd7 20. a3
Ba4 21. Qd3 Nd7 22. axb4 Nxe5 23. dxe5 axb4 24. b3 Bd7 25. Bxd5 Rxa1 26.
Rxa1 exd5 27. Qxd5+ Kh8 28. Rd1 Qh4 29. Qxd7 Qg4+ 30. Kf1 Qh3+ 31. Ke2 Qg4+
32. Kf1 Qh3+ 33. Ke1 Qxh2 34. Qc6 Qg1+ 35. Ke2 Qg4+ 36. Qf3 Qg6 37. Rd6 Qg1
38. e6 Qg6 39. Qc6 Qg4+ 40. Kd2 Qh4 41. Ke1 h5 42. Qd7 Qh1+ 43. Ke2 Qe4 44.
e7 Ra8 45. f3 Ra2+ 46. Rd2 Rxd2+ 47. Kxd2 1-0

[Event "5th Pontevedra Open 2017"]
[Site "Pontevedra"]
[Date "2017.08.11"]
[Round "5"]
[White "Yuffa, Daniil"]
[Black "Lillo Castany, Victor"]
[Result "1-0"]
[WhiteElo "2515"]
[BlackElo "2382"]

[EventDate "2017.??.??"]
[PlyCount "71"]
[EventCountry "ESP"]

1. d4 d5 2. Bf4 Nf6 3. e3 c5 4. c3 Nc6 5. Nd2 e6 6. Ngf3 Bd6 7. Bg3 O-O 8.
Bb5 Ne7 9. Bd3 c4 10. Bc2 b5 11. e4 dxe4 12. Nxe4 Nxe4 13. Bxe4 Nd5 14. O-O
Bxg3 15. hxg3 Bb7 16. Re1 h6 17. Ne5 Qc7 18. Qd2 Rfd8 19. Ng4 Qe7 20. a4 a6
21. Bxd5 Bxd5 22. Re5 Rab8 23. Rh5 Qf8 24. axb5 axb5 25. Qf4 Rb7 26. Ne3 b4
27. Qg4 Kh8 28. Nxd5 exd5 29. Ra5 bxc3 30. bxc3 Rb3 31. Qf3 Re8 32. Re5
Rxe5 33. dxe5 d4 34. e6 dxc3 35. Ra8 Rb8 36. e7 1-0

[Event "5th Pontevedra Open 2017"]
[Site "Pontevedra"]
[Date "2017.08.11"]
[Round "5"]
[White "Strikovic, Aleksa"]
[Black "Veiga, Jose Francisco R P N"]
[Result "1-0"]
[WhiteElo "2500"]
[BlackElo "2082"]

[EventDate "2017.??.??"]
[PlyCount "87"]
[EventCountry "ESP"]

1. g3 Nf6 2. Bg2 g6 3. e4 d6 4. d4 Bg7 5. Nc3 O-O 6. Nge2 c5 7. h3 cxd4 8.
Nxd4 Nc6 9. Nde2 Rb8 10. a4 a6 11. Bg5 b5 12. O-O h6 13. Be3 b4 14. Nd5 Kh7
15. Qd2 Nxd5 16. exd5 Ne5 17. Bd4 Qc7 18. b3 Bf5 19. Rac1 g5 20. f4 gxf4
21. gxf4 Ng6 22. c3 Rg8 23. Kh2 Qd7 24. Qe3 Rbe8 25. Bxg7 Rxg7 26. Nd4 Nh4
27. Be4 Kh8 28. Rg1 Reg8 29. Rxg7 Rxg7 30. Nxf5 Nxf5 31. Qd3 Qa7 32. Qd2
bxc3 33. Qe1 Ng3 34. Bg2 Qd4 35. Rxc3 Nf5 36. Rc8+ Kh7 37. Be4 e6 38. Rc4
Qb2+ 39. Bc2 exd5 40. Qc3 Qxc3 41. Bxf5+ Kh8 42. Rxc3 Rg8 43. b4 Kg7 44.
Rg3+ 1-0

[Event "5th Pontevedra Open 2017"]
[Site "Pontevedra"]
[Date "2017.08.11"]
[Round "5"]
[White "Oratovsky, Michael"]
[Black "Ambartsumova, Karina"]
[Result "0-1"]
[WhiteElo "2494"]
[BlackElo "2325"]
[Annotator "ChessBase"]
[EventDate "2017.??.??"]
[PlyCount "112"]
[EventCountry "ESP"]

1. e4 c5 2. Nf3 d6 3. Bb5+ Nd7 4. O-O a6 5. Bd3 Ngf6 6. Re1 g6 7. c3 Bg7 8.
Bc2 O-O 9. d4 cxd4 10. cxd4 e5 11. Nc3 b5 12. d5 Nb6 13. Bd3 Bd7 14. a3 Rc8
15. Na2 Na4 16. Bc2 Qc7 17. Bxa4 bxa4 18. Nc3 Qc4 19. Bg5 h6 20. Bh4 Rb8
21. Rb1 Rfc8 22. Nd2 Qd3 23. f3 Nh5 24. Bf2 Nf4 25. Kh1 Rxb2 26. Rxb2 Qxc3
27. Rb7 Nd3 28. Rf1 Bb5 29. Bg1 Nb2 30. Qa1 Qxd2 31. Rf2 Qd1 32. Qxd1 Nxd1
33. Rd2 Rc1 34. h4 Ne3 35. Rb8+ Kh7 36. Rb7 Kg8 37. Rb8+ Bf8 38. Ra2 h5 39.
Kh2 Nf1+ 40. Kh3 Bd7+ 41. g4 hxg4+ 42. fxg4 Rc3+ 43. Kg2 Ne3+ 44. Bxe3 Rxe3
45. h5 Rxe4 46. h6 Rxg4+ 47. Kf3 Rh4 48. Rd8 Bf5 49. Rb2 Rh3+ 50. Kg2 Rb3
51. Ra2 g5 52. Rf2 Be4+ 53. Kh2 g4 54. Re2 g3+ 55. Kh3 g2+ 56. Kh2 Rh3+ 0-1

[Event "5th Pontevedra Open 2017"]
[Site "Pontevedra"]
[Date "2017.08.11"]
[Round "5"]
[White "Oratovsky, Michael"]
[Black "Ambartsumova, Karina"]
[Result "*"]
[WhiteElo "2494"]
[BlackElo "2325"]

[EventDate "2017.??.??"]
[PlyCount "36"]
[EventCountry "ESP"]

1. e4 c5 2. Nf3 d6 3. Bb5+ Nd7 4. O-O a6 5. Bd3 Ngf6 6. Re1 g6 7. c3 Bg7 8.
Bc2 O-O 9. d4 cxd4 10. cxd4 e5 11. Nc3 b5 12. d5 Nb6 13. Bd3 Bd7 14. a3 Rc8
15. Na2 Na4 16. Bc2 Qc7 17. Bxa4 bxa4 18. Nc3 Qc4 *

[Event "5th Pontevedra Open 2017"]
[Site "Pontevedra"]
[Date "2017.08.11"]
[Round "5"]
[White "Firat, Burak"]
[Black "Pap, Misa"]
[Result "1/2-1/2"]
[WhiteElo "2482"]
[BlackElo "2491"]

[EventDate "2017.??.??"]
[PlyCount "66"]
[EventCountry "ESP"]

1. d4 Nf6 2. Nf3 e6 3. c4 Bb4+ 4. Nbd2 d5 5. a3 Be7 6. g3 O-O 7. Bg2 b6 8.
O-O Bb7 9. cxd5 exd5 10. b4 a5 11. Rb1 axb4 12. axb4 Nc6 13. b5 Nb4 14. Nh4
g6 15. Ndf3 Ne4 16. Qb3 Na2 17. Bb2 Nac3 18. Bxc3 Ra3 19. Qb2 Nxc3 20. Rbc1
Ne4 21. Ne5 Ra5 22. Qc2 Ba3 23. Qxc7 Bxc1 24. Qxb7 Ra1 25. Nd3 Qc8 26. Qc6
g5 27. Nf3 Nc3 28. Kh1 Nxe2 29. Nfe5 Nxd4 30. Qxb6 Bb2 31. Rxa1 Bxa1 32.
Bxd5 Qh3 33. Bg2 Qe6 1/2-1/2

[Event "5th Pontevedra Open 2017"]
[Site "Pontevedra"]
[Date "2017.08.11"]
[Round "5"]
[White "Erdogdu, Mert"]
[Black "Silva, Luis Neves Da"]
[Result "1/2-1/2"]
[WhiteElo "2423"]
[BlackElo "2354"]

[EventDate "2017.??.??"]
[PlyCount "133"]
[EventCountry "ESP"]

1. c4 e6 2. Nc3 d5 3. d4 Nf6 4. Nf3 a6 5. c5 Be7 6. Bf4 Nh5 7. e3 Nxf4 8.
exf4 b6 9. b4 a5 10. a3 axb4 11. axb4 Rxa1 12. Qxa1 bxc5 13. bxc5 O-O 14.
Bd3 Nc6 15. O-O Bf6 16. Ne2 Bd7 17. Qc3 g6 18. g3 Qb8 19. Rb1 Qa7 20. Ne5
Bxe5 21. fxe5 Rb8 22. Rxb8+ Qxb8 23. f4 Qb4 24. Qxb4 Nxb4 25. Bb1 Bb5 26.
Nc3 Bc4 27. Kf2 h5 28. Ke3 Kf8 29. Kd2 Nc6 30. Ke3 Nb4 31. Nd1 Ke7 32. Kd2
Kd7 33. Kc3 Nc6 34. Bc2 Bb5 35. Ne3 Ne7 36. h3 Kd8 37. g4 hxg4 38. hxg4 Bd7
39. Bd1 Ke8 40. Bf3 Bc6 41. Nc2 Bb5 42. Nb4 Kd7 43. Bd1 Ke8 44. Kd2 Kd7 45.
Bc2 Ke8 46. Ke3 Kf8 47. Na2 Kg7 48. Nc3 Bd7 49. Bd3 Kh6 50. Kf3 Nc6 51. Ke3
Ne7 52. Kf2 g5 53. Ke3 gxf4+ 54. Kxf4 Bc6 55. Ne2 Ba4 56. Ng3 Bd1 57. g5+
Kg7 58. Ke3 Bg4 59. Bc2 Nc6 60. Ba4 Ne7 61. Bb5 Nf5+ 62. Nxf5+ Bxf5 63. Kf4
Kg6 64. Be2 Kg7 65. Bh5 Bg6 66. Bf3 Bb1 67. Bh5 1/2-1/2

[Event "5th Pontevedra Open 2017"]
[Site "Pontevedra"]
[Date "2017.08.11"]
[Round "5"]
[White "Portela Peleteiro, Alberto"]
[Black "Petkov, Vladimir"]
[Result "0-1"]
[WhiteElo "2397"]
[BlackElo "2498"]

[EventDate "2017.??.??"]
[PlyCount "74"]
[EventCountry "ESP"]

1. e4 c5 2. Nf3 Nc6 3. Nc3 e6 4. d4 cxd4 5. Nxd4 Nf6 6. Be2 d6 7. O-O Be7
8. f4 O-O 9. Kh1 Bd7 10. Nb3 a5 11. a4 Nb4 12. e5 Ne8 13. Be3 Bc6 14. exd6
Nxd6 15. Nd4 Nf5 16. Nxc6 bxc6 17. Bg1 Qxd1 18. Bxd1 Rfd8 19. Ne4 Rab8 20.
b3 g6 21. g4 Nd6 22. Nxd6 Bxd6 23. Be2 Nxc2 24. Rac1 Nb4 25. f5 exf5 26.
gxf5 g5 27. f6 Bf4 28. Rc5 Rd5 29. Bc4 Rxc5 30. Bxc5 Nd5 31. Re1 h5 32. Re7
Nxe7 33. fxe7 g4 34. Bf1 Bg5 35. Bg2 Rc8 36. Bd6 f5 37. Bf1 Re8 0-1

[Event "5th Pontevedra Open 2017"]
[Site "Pontevedra"]
[Date "2017.08.11"]
[Round "5"]
[White "Konguvel, Ponnuswamy"]
[Black "Pena Gomez, Manuel"]
[Result "0-1"]
[WhiteElo "2383"]
[BlackElo "2468"]
[Annotator "RC"]
[EventDate "2017.??.??"]
[PlyCount "154"]
[EventCountry "ESP"]

1. e4 c5 2. Nf3 e6 3. d4 cxd4 4. Nxd4 Nc6 5. Nc3 Qc7 6. Be3 a6 7. Qd2 Nf6
8. O-O-O Bb4 9. f3 O-O 10. g4 Ne5 11. Rg1 d5 12. g5 Nh5 13. f4 Nc4 14. Bxc4
Qxc4 15. Nde2 dxe4 16. Qe1 Bc5 17. Qf2 b6 18. Bxc5 Qxc5 19. Qxc5 bxc5 20.
Nxe4 Bb7 21. N4c3 g6 22. Rd7 Bc6 23. Rd6 Rac8 24. Rgd1 Rfe8 25. Ng3 Nxf4
26. Nge4 Ne2+ 27. Kd2 Nxc3 28. Nf6+ Kh8 29. Kxc3 Rf8 30. Rf1 Kg7 31. Ng4
Rfd8 32. Rfd1 Rxd6 33. Rxd6 Kf8 34. Ne5 Bb5 35. b3 Ke7 36. Rb6 f6 37. Rb7+
Kd6 38. Nf7+ Kc6 39. Re7 fxg5 40. a4 Bf1 41. Rxe6+ Kd7 42. Nxg5 Rf8 43. Re1
h6 44. Ne4 Kc6 45. Nd2 Bh3 46. Re3 Bc8 47. Nc4 Rf2 48. Ne5+ Kc7 49. Nd3
Rxh2 50. Nxc5 h5 51. b4 h4 52. Ne6+ Kd6 53. Nd4 h3 54. Rg3 Ke5 55. Rxg6 Rg2
56. Rxg2 hxg2 57. Ne2 Bd7 58. b5 axb5 59. axb5 Bxb5 60. Ng1 Ke4 61. Kd2 Bc4
62. Ke1 Ke3 63. Nh3 Be6 64. Ng1 Bg4 65. c4 Be6 66. c5 Bg4 67. c6 Be6 68.
Ne2 Bc8 69. Ng1 Bg4 70. c7 Be6 71. Ne2 Bc8 72. Ng1 Bg4 73. c8=Q Bxc8 74.
Ne2 Be6 75. Ng1 Bg4 76. Ne2 Kf3 77. Ng1+ Kg3 0-1

[Event "5th Pontevedra Open 2017"]
[Site "Pontevedra"]
[Date "2017.08.12"]
[Round "6"]
[White "Petkov, Vladimir"]
[Black "Firat, Burak"]
[Result "1/2-1/2"]
[WhiteElo "2498"]
[BlackElo "2482"]

[EventDate "2017.??.??"]
[PlyCount "43"]
[EventCountry "ESP"]

1. d4 d5 2. c4 c6 3. Nf3 Nf6 4. cxd5 cxd5 5. Nc3 Nc6 6. Bf4 Bf5 7. e3 e6 8.
Bd3 Bxd3 9. Qxd3 Bd6 10. Bxd6 Qxd6 11. O-O O-O 12. Rfc1 Rfc8 13. a3 a6 14.
Rc2 Rc7 15. Rac1 Rac8 16. h3 h6 17. Ne2 Ne7 18. Rxc7 Rxc7 19. Rxc7 Qxc7 20.
Qc3 Qxc3 21. Nxc3 Ne8 22. Ne5 1/2-1/2

[Event "5th Pontevedra Open 2017"]
[Site "Pontevedra"]
[Date "2017.08.12"]
[Round "6"]
[White "Pap, Misa"]
[Black "Burmakin, Vladimir"]
[Result "0-1"]
[WhiteElo "2491"]
[BlackElo "2520"]

[EventDate "2017.??.??"]
[PlyCount "150"]
[EventCountry "ESP"]

1. e4 c6 2. d4 d5 3. Nd2 g6 4. h3 Bg7 5. Ngf3 Nh6 6. Bd3 O-O 7. O-O Nd7 8.
Re1 Re8 9. e5 f6 10. exf6 exf6 11. Rxe8+ Qxe8 12. Nf1 Nf8 13. c3 Be6 14. g4
Qd7 15. Bf4 Nf7 16. Ng3 Re8 17. Qc2 Bxg4 18. hxg4 Qxg4 19. Bc1 Qxf3 20. Be2
Rxe2 21. Qxe2 Qxe2 22. Nxe2 Ne6 23. a4 Bf8 24. Nf4 Ned8 25. b4 Nd6 26. b5
g5 27. Nh5 Kf7 28. Ba3 Kg6 29. Ng3 h5 30. Bc5 b6 31. Bb4 h4 32. Nf1 Kf7 33.
Ne3 Ne4 34. Bxf8 Kxf8 35. bxc6 Nxc6 36. Nxd5 Kf7 37. Re1 Nd6 38. Nc7 Nc4
39. Kg2 Ne7 40. Nb5 Nd5 41. Nxa7 g4 42. Nc6 Nf4+ 43. Kh1 Nd2 44. Re3 Nh3
45. Re2 Ne4 46. c4 Nhxf2+ 47. Rxf2 Nxf2+ 48. Kg2 Nd3 49. c5 bxc5 50. a5
Nf4+ 51. Kg1 c4 52. a6 Nd5 53. a7 Nb6 54. d5 c3 55. Nd4 Ke7 56. Kf2 Kd7 57.
Ke2 h3 58. Kf2 f5 59. Kg3 f4+ 60. Kh2 Na8 61. d6 Nb6 62. Kh1 g3 63. Kg1 f3
64. Nxf3 c2 65. Ne5+ Kxd6 66. Nd3 Kc7 67. Kf1 Kb7 68. Kg1 Kxa7 69. Kh1 Nd5
70. Kg1 Kb6 71. Kh1 Kb5 72. Kg1 Kc4 73. Nc1 Kc3 74. Kh1 Kd2 75. Nb3+ Kd1
0-1

[Event "5th Pontevedra Open 2017"]
[Site "Pontevedra"]
[Date "2017.08.12"]
[Round "6"]
[White "Lillo Castany, Victor"]
[Black "Garcia Romero, Benjamin Abel"]
[Result "1-0"]
[WhiteElo "2382"]
[BlackElo "2217"]

[EventDate "2017.??.??"]
[PlyCount "71"]
[EventCountry "ESP"]

1. e4 c5 2. Nf3 e6 3. d4 cxd4 4. Nxd4 Nc6 5. Nc3 Qc7 6. g3 a6 7. Bg2 Nf6 8.
O-O Bb4 9. Re1 h5 10. Bg5 Ng4 11. Nxc6 bxc6 12. Qd4 Bd6 13. Qxg7 Rf8 14.
Qd4 Be5 15. Qd2 Rg8 16. Nd1 f6 17. Bf4 h4 18. Bxe5 Qxe5 19. h3 hxg3 20.
hxg4 Rxg4 21. fxg3 Rxg3 22. Re3 Qg5 23. Qf2 Rg4 24. Rf3 Qg7 25. Nc3 Bb7 26.
Rf1 O-O-O 27. Rxf6 Kc7 28. Rf4 Rg5 29. Rf7 Qg6 30. Qf4+ e5 31. Qd2 Rg3 32.
R1f6 Qg4 33. Qd6+ Kc8 34. Rf2 Re3 35. Rf8 Re1+ 36. Kh2 1-0

[Event "5th Pontevedra Open 2017"]
[Site "Pontevedra"]
[Date "2017.08.12"]
[Round "6"]
[White "Silva, Luis Neves Da"]
[Black "Strikovic, Aleksa"]
[Result "0-1"]
[WhiteElo "2354"]
[BlackElo "2500"]

[EventDate "2017.??.??"]
[PlyCount "112"]
[EventCountry "ESP"]

1. d4 g6 2. e4 Bg7 3. c4 d6 4. Nc3 e5 5. Nf3 Nd7 6. Be2 Ngf6 7. O-O O-O 8.
Qc2 c6 9. Rd1 Re8 10. d5 Qc7 11. Be3 Ng4 12. Bg5 f6 13. Bd2 Qb6 14. Rf1 c5
15. Qc1 f5 16. Nh4 Qd8 17. g3 Nf8 18. exf5 gxf5 19. Bxg4 fxg4 20. Bg5 Qc7
21. Ne4 Ng6 22. Nxg6 hxg6 23. f3 Bf5 24. Nf6+ Bxf6 25. Bxf6 Qh7 26. Qg5 Qh5
27. Qxh5 gxh5 28. fxg4 Bxg4 29. Bg5 Bh3 30. Rf6 Rf8 31. Rg6+ Kh7 32. Rh6+
Kg7 33. Rxh5 Rh8 34. Rxh8 Rxh8 35. Kf2 Kf7 36. Re1 Rg8 37. Bd2 Rg4 38. b3
a6 39. Kf3 b5 40. cxb5 axb5 41. Be3 b4 42. a4 bxa3 43. Ra1 Rb4 44. Rxa3 Kf6
45. Ra6 Kf5 46. Rxd6 Rxb3 47. Ke2 c4 48. Rb6 Ra3 49. d6 Ra2+ 50. Kd1 Ke4
51. Bg5 Kd3 52. Kc1 Kc3 53. Bf6 Re2 54. Kb1 Bf5+ 55. Ka1 Bc2 56. Bxe5+ Rxe5
0-1

[Event "5th Pontevedra Open 2017"]
[Site "Pontevedra"]
[Date "2017.08.12"]
[Round "6"]
[White "Sanchez Aller, Fernando"]
[Black "Huerga Leache, Mikel"]
[Result "0-1"]
[WhiteElo "2337"]
[BlackElo "2446"]

[EventDate "2017.??.??"]
[PlyCount "70"]
[EventCountry "ESP"]

1. Nf3 Nf6 2. g3 d5 3. Bg2 Nc6 4. d4 Bf5 5. O-O e6 6. b3 Be7 7. Bb2 O-O 8.
Nbd2 Ne4 9. a3 Bf6 10. b4 Nxd2 11. Qxd2 Be4 12. Ne5 Bxg2 13. Nxc6 Qe8 14.
Kxg2 Qxc6 15. a4 Rfe8 16. b5 Qd7 17. e3 c6 18. Qb4 Rac8 19. Rfb1 Be7 20.
Qb3 c5 21. c4 cxd4 22. cxd5 dxe3 23. dxe6 Qxe6 24. Qxe6 fxe6 25. Bd4 Bf6
26. Bxe3 Bxa1 27. Rxa1 a6 28. Rb1 a5 29. Bd2 b6 30. Be3 Rc4 31. Bxb6 Rxa4
32. Bc7 Rb4 33. Ra1 a4 34. b6 Ra8 35. Rd1 a3 0-1